Elektráreň má byť bez rizík, Trebišov má stále strach nie je možné zistiť úroveň emisií, hluku a množstva odpadov

Bibliographic Details
Main Author: Buzinkay, Alexander (Author)
Format: Article
Language:Slovak
ISSN:1335-4701
Subjects:

MARC

LEADER 00000nab a2200000 a 4500
001 vtls009184742
003 SK-MaSNL
005 20260303165404.0
008 140301c20070622xo dr|p|||||||000 b|slo
015 |a SNBRB2008/02  |2 snkbucl 
038 |a SNKBUCL 
040 |a SNKBUCL  |b slo  |c SNKBUCL  |e AACR2 
041 0 |a slo 
044 |a xo  |c SK 
080 |a 621.311.22  |x (437.6)  |2 2001 
100 1 |a Buzinkay, Alexander  |4 aut  |9 650872 
245 1 0 |a Elektráreň má byť bez rizík, Trebišov má stále strach  |b nie je možné zistiť úroveň emisií, hluku a množstva odpadov  |c Alexander Buzinkay 
650 0 7 |a tepelné elektrárne  |2 snkbucl  |9 70844 
650 0 7 |a projekty  |2 snkbucl  |9 18866 
651 7 |a Trebišov (Slovensko)  |2 snkbucl  |9 26686 
773 0 |t Hospodárske noviny  |g Roč. XV., č. 120 (22.6.2007)  |x 1335-4701 
773 0 8 |t Podniky & trhy  |g Č. 120 (22.6.2007), s. 10 
852 |a SNK  |b KIS3GCP 
958 |a SK 
999 |c 2071421  |d 2073351